000 00625aas a2200193 4500
999 _c63505
_d63505
001 768714001
003 CO-MdFUSB
005 20171026152626.0
008 171026s2010 ck ||||| |||| 00| 0 spa d
022 _a2145-8197
040 _aCO-MdFUSB
_bspa
_cCO-MdFUSB
_dCO-MdFUSB
041 _aspa
245 0 _aColombia estrena Constitución
_c/ El Tiempo
300 _aNúmero 9 (2010), página 12
_c: 28 cm.
520 1 _aDurante el gobierno del presidente César Gaviria, Colombia tuvo una nueva carta política
650 1 4 _aHISTORIA
773 0 _tdk100
_049432
_959930
_gNúmero 9 (2010), página 12
_qPágina 12
942 _cANA